000 00425nam a2200157Ia 4500
008 140321s9999 xx 000 0 und d
020 _a9789382669005
050 _aHF 5548.2
_b.M266 2013
245 _aManagement information system and computer /
260 _aUAE :
_b3G Elearning,
_cc2013.
300 _a223 p. :
_c28 cm.
521 _aIT
650 _aElectronic data processing.
942 _kFOR
_cBK
999 _c48545
_d48545